LEADER 01202nam0 22002771i 450 001 UON00296033 005 20231205103942.886 100 $a20070529d1963 |0itac50 ba 101 $apol 102 $aPL 105 $a|||| 1|||| 200 1 $a"Wiadomosci brukowe" a pierwszy rosyjski romans moralno-satyryczny "Iwan Wyzygin"$fZdzislaw Skwarczynski 205 $aWarszawa : Panstwowe Wydawnictwo Naukowe$b1963 210 $ap. 77-104$a24 cm 215 $aEstratto da$cZ polskich studiow slawistycznych, Seria druga. 606 $aLetteratura polacca e Letteratura russa$3UONC064613$2FI 620 $aPL$dWarszawa$3UONL000573 676 $a891.85$cLetteratura polacca$v21 700 1$aSKWARCZYNSKI$bZdzislaw$3UONV166520$0694850 712 $aPa?stwowe Wydawnictwo Naukowe$3UONV247466$4650 801 $aIT$bSOL$c20251121$gRICA 899 $aSIBA - SISTEMA BIBLIOTECARIO DI ATENEO$2UONSI 912 $aUON00296033 950 $aSIBA - SISTEMA BIBLIOTECARIO DI ATENEO$dSI C 0562 $eSI EO 39723 5 0562 996 $a"Wiadomosci brukowe" a pierwszy rosyjski romans moralno-satyryczny "Iwan Wyzygin"$91250430 997 $aUNIOR